Дело о запрещении употреблять в гимназиях в качестве учебника "Краткую российскую грамматику" И. Левицкого

Доступно только в Электронных читальных залах Найти на картеНа карте
RUSMARC
00004311nmc2a2200000 x 450
0015854aadf-487c-4c6c-8851-a4467380dbfc
00520171115124828.0
100##$a20151210l18141814k l0rusy0189 ca
1010#$arus
102##$aRU
2001#$aДело о запрещении употреблять в гимназиях в качестве учебника "Краткую российскую грамматику" И. Левицкого
$j4-24 декабря 1814 г.
251##$cДело
300##$aДело
300##$aОриг. заголовок дела: Дело по отношению господина министра народного просвещения о неупотреблении в публичных и частных училищах "Краткой Российской грамматики", сочинённой господином Левицким. 4 декабря 1814 г. - 24 декабря 1814 г
801#0$aRU
$bРГИА
$c20151210
$gRCR
801#1$aRU
$bГлавНИВЦ
$c20151210
$2rusmarc
801#2$aRU
$bПБ им. Б.Н. Ельцина
$c20171115
$gRCR
$2rusmarc
850##$aРГИА
852##$aРГИА
$eФедеральное казенное учреждение "Российский государственный исторический архив" (РГИА)
$j303
937##$hРГИА
$d12186852
$aASBIBLIO_SCAN
462#0$1001a72b6b5a-b506-4d67-873a-f622b4f5e56d
$12001
$aДела Департамента народного просвещения по цензурной части
$1251
$cОпись
$1852
$j118
461#0$1001a74412a3-3cc5-4d21-8f0a-dfe2fbd9e72d
$12001
$aДепартамент народного просвещения Министерства народного просвещения (1803-1917)
$1251
$cФонд
$1852
$j733
215##$a6 л.
$d36,5х26 см
371##$aДокумент не является опубликованным и широко распространяемым
105##$ay###
1222#$ad
5171#$aДело по отношению господина министра народного просвещения о неупотреблении в публичных и частных училищах "Краткой Российской грамматики", сочинённой господином Левицким. 4 декабря 1814 г. - 24 декабря 1814 г
035##$a5854aadf-487c-4c6c-8851-a4467380dbfc
856##$uhttp://readingroom.main.prlib.ru/item.aspx?id_node=n109056263&mode=full
Формат отображения